00501 2200181 4500001002100000005001500021008004100036020002200077035001900099041000700118082001100125090001700136100001900153245006000172260004000232300003100272650001600303INLIS00000000000213120241224112459241224||||||||| | ||| |||| || |  a978-602-9018-63-9 0010-1224002131 aid0 a610.73 a610.73 DED p0 aDeden Dermawan00aProses Keperawatan: Penerapan Konsep dan Kerangka Kerja aYogyakartabGosyen Publishingc2012 a23,5x16 cm, xii, 202 hlm.; 0aKeperawatan